| 000 | 02212cam a22005174i 4500 | ||
|---|---|---|---|
| 003 | PE-LiUPU | ||
| 005 | 20250731173350.0 | ||
| 008 | 150706s2000 sp a r 000 0 spa d | ||
| 020 | _a8481693537 | ||
| 035 | _a(Sirsi) i9788481693539 | ||
| 040 |
_aPE-LiUPU _bspa _cPE-LiUPU _erda |
||
| 049 | _aPRUA | ||
| 082 | 0 | 4 |
_a220.7 _bC _221 |
| 100 | 1 |
_aDupont-Roc, Roselyne, _eautor. |
|
| 245 | 1 | 4 |
_aLos manuscritos de la Biblia y la crítica textual / _cRoselyne Dupont-Roc. |
| 250 | _a2a | ||
| 264 | 1 |
_aEstella (Navarra) : _bVerbo Divino, _c2000 . |
|
| 300 |
_a66 páginas : _bilustraciones ; _c19 centímetros. |
||
| 336 |
_atext _2rdacontent |
||
| 337 |
_aunmediated _2rdamedia |
||
| 338 |
_avolume _2rdacarrier |
||
| 490 | 1 |
_aCuadernos bíblicos ; _v102 |
|
| 500 | _aTraducción de: Les manuscrits de la Bible et la critique textuelle. | ||
| 505 | 0 | _aEl material y las condiciones de la escritura -- El trabajo del textualista -- La crítica verbal -- La crítica externa -- La crítica interna -- La crítica racional -- El texto del Antiguo Testamento -- La tradición hebra de las escrituras -- La versión griega de las escrituras: los setenta -- Las traducciones latinas del Antiguo Testamento -- El texto del Nuevo Testamento -- Un texto inestable en sus orígenes -- La crítica moderna y las familias de texto. | |
| 526 | _aSEG42 | ||
| 526 | _aSEG41 | ||
| 526 | _aSEG40 | ||
| 526 | _aSEG39 | ||
| 526 | _aP94 | ||
| 526 | _aP87 | ||
| 526 | _aP86 | ||
| 526 | _aP85 | ||
| 526 | _aP77 | ||
| 526 | _aP76 | ||
| 526 | _aP35 | ||
| 541 | _g006-0037348; | ||
| 630 |
_aBiblia _xCrítica textual. |
||
| 630 |
_aBiblia _xTraducciones. |
||
| 700 | 1 |
_aMercier, Philippe, _eautor. |
|
| 910 |
_agl _bjv _clch _d20100218 |
||
| 942 |
_2ddc _cBOOK |
||
| 949 |
_a220.7 C 102 _wDEWEY _c1 _i61001 _lCCODEBUL1 _mBUL _p9.00 _r0 _sY _tBOOK _u2015-7-6 _xTEOLOGIA _zUNKNOWN _0COMPRA _o.STAFF. Colección Teología |
||
| 994 |
_aC0 _bPEPRU |
||
| 596 | _a1 | ||
| 999 |
_a220.7 C 102 _wDEWEY _c50340 _i61001 _d50340 _e2018-10-9 _f2021-11-9 _g5 _lCCODEBUL1 _mBUL _n4 _p9.00 _r0 _sY _tBOOK _u2015-7-6 _xTEOLOGIA _PP35 _0COMPRA _o.STAFF. Colección Teología |
||
| 980 |
_81 _gALBERTO SANCHEZ Responsable de Automatización |
||